| 000 | 00609nam a22001817a 4500 | ||
|---|---|---|---|
| 008 | 160805b xxu||||| |||| 00| 0 eng d | ||
| 020 | _a978-9-81422184-9 | ||
| 082 |
_22007 _aDC 658.87 _bD92r |
||
| 100 |
_912333 _aDunne, Patrick M. |
||
| 245 |
_aRetailing/ _cPatrick M. Dunne and Robert F. Lusch. |
||
| 250 | _b5th edition | ||
| 260 |
_aAustralia: _bThomson South-Western, _cc2007. |
||
| 300 |
_axxvi, 550 pages: _billustrations; _c25 cm. |
||
| 500 | _aIncludes bibliographical references and index. | ||
| 650 | 0 |
_912334 _aRetail trade |
|
| 700 |
_912335 _a Lusch, Robert F. _eAuthor |
||
| 942 |
_2ddc _cDC |
||
| 999 |
_c3704 _d3704 |
||